[Event "PNWCC-Bulgaria Hybrid m3"]
[Site "Chess.com INT"]
[Date "2022.01.29"]
[Round "1"]
[White "Lee, Yesun"]
[Black "Stoyanov, Ivaylo"]
[Result "0-1"]
[WhiteElo "1760"]
[BlackElo "1986"]
[PlyCount "126"]
[EventDate "2022.01.29"]
[EventType "team-match"]
[EventRounds "4"]
[EventCountry "USA"]
[SourceTitle "CBM 206 Extra"]
[Source "ChessBase"]
[SourceDate "2022.03.31"]
[SourceVersion "1"]
[SourceVersionDate "2022.03.31"]
[SourceQuality "1"]
[WhiteTeam "PNWCC"]
[BlackTeam "Bulgaria"]
[WhiteTeamCountry "USA"]
[BlackTeamCountry "BUL"]

1. d4 c5 2. d5 e5 3. e4 d6 4. Bd3 Be7 5. Ne2 Bg5 6. c4 Bxc1 7. Qxc1 Nf6 8. 0-0 0-0 9. a3 Bg4 10. Nbc3 Nbd7 11. f3 Bh5 12. Qe3 Qe7 13. b4 Rfc8 14. b5 Bg6 15. a4 a5 16. bxa6 Rxa6 17. Rab1 b6 18. h3 Rca8 19. Bc2 h6 20. Ng3 Nh5 21. Nce2 Nxg3 22. Nxg3 f6 23. Rb2 Nf8 24. Rfb1 Qc7 25. Ne2 Be8 26. Nc3 Ng6 27. Nb5 Bxb5 28. Rxb5 Ne7 29. Qc1 Nc8 30. Qb2 Ra5 31. Qc3 Rxb5 32. Rxb5 Ra5 33. Rxa5 bxa5 34. Qb3 Qb6 35. Kf2 Qb4 36. Ke2 Kf7 37. g3 Nb6 38. Kd3 g5 39. Qc3 Ke7 40. Bb3 Nd7 41. Kc2 h5 42. Qd2 Nb6 43. Qc3 h4 44. g4 Nd7 45. Qe3 Nf8 46. Qg1 Ng6 47. Qh1 Nf4 48. Qf1 Ng6 49. Qh1 Kd7 50. Kb2 Qd2+ 51. Ka3 Nf4 52. Qb1 Nxh3 53. Qh1 Nf4 54. Bd1 Nd3 55. Bc2 Qxc2 56. Qa1 Qc1+ 57. Qxc1 Nxc1 58. Kb2 h3 59. Kxc1 h2 60. f4 h1Q+ 61. Kb2 Qxe4 62. fxg5 fxg5 63. Ka1 Qxc4 0-1

[Event "Sofia op 2nd"]
[Site "Sofia"]
[Date "2011.10.06"]
[Round "5"]
[White "Trichkov, Vasil"]
[Black "Stoyanov, Ivaylo"]
[Result "1-0"]
[WhiteElo "2319"]
[BlackElo "2000"]
[PlyCount "85"]
[EventDate "2011.10.03"]
[EventType "swiss"]
[EventRounds "9"]
[EventCountry "BUL"]
[SourceTitle "CBM 144 Extra"]
[Source "ChessBase"]
[SourceDate "2011.10.28"]
[SourceVersion "1"]
[SourceVersionDate "2011.10.28"]
[SourceQuality "1"]

1. d4 g6 2. c4 Bg7 3. Nc3 d6 4. Nf3 Nc6 5. g3 e5 6. dxe5 Nxe5 7. Bg2 Ne7 8. Nxe5 Bxe5 9. 0-0 0-0 10. Bg5 Bg7 11. Qc1 f6 12. Bd2 Rb8 13. Rd1 Be6 14. b3 Qc8 15. Qa3 a6 16. Rac1 Bh3 17. c5 dxc5 18. Qxc5 Bxg2 19. Kxg2 Rf7 20. Bf4 Nc6 21. Nd5 g5 22. Be3 Bf8 23. Qc4 Qe6 24. Nb6 Re8 25. Qxe6 Rxe6 26. Nd5 Bd6 27. Rc2 Nb4 28. Nxb4 Bxb4 29. Rd8+ Kg7 30. h4 gxh4 31. Rc4 h3+ 32. Kxh3 Bf8 33. Rg4+ Kh8 34. Bh6 f5 35. Rh4 Kg8 36. Rh5 Ref6 37. e3 c6 38. Kg2 Kh8 39. Kf3 Kg8 40. Kf4 Rd6 41. Rg5+ Rg6 42. Rxg6+ hxg6 43. Kg5 1-0

[Event "Wch U14"]
[Site "Kemer"]
[Date "2009.11.22"]
[Round "11"]
[White "Gundogan, Cem"]
[Black "Stoyanov, Ivaylo"]
[Result "0-1"]
[WhiteElo "1819"]
[BlackElo "2031"]
[PlyCount "53"]
[EventDate "2009.11.12"]
[EventType "swiss"]
[EventRounds "11"]
[EventCountry "TUR"]
[SourceTitle "EXT 2010"]
[Source "ChessBase"]
[SourceDate "2010.11.25"]
[SourceVersion "1"]
[SourceVersionDate "2010.11.25"]
[SourceQuality "1"]

1. e4 c5 2. Nc3 g6 3. f4 Bg7 4. Nf3 Nc6 5. Bc4 Na5 6. Be2 a6 7. a4 e6 8. 0-0 d5 9. e5 Ne7 10. d4 b6 11. Be3 Qc7 12. Qe1 Nf5 13. Bf2 h5 14. Bd3 Bb7 15. Bxf5 gxf5 16. Bh4 Bh6 17. Qg3 Nc4 18. Bf6 Rf8 19. Nd1 cxd4 20. Nxd4 Nd2 21. Re1 Ne4 22. Rxe4 dxe4 23. Ne3 Kd7 24. Rd1 Kc8 25. Ndxf5 exf5 26. Nxf5 Qxc2 27. Re1 0-1

[Event "Wch U14"]
[Site "Kemer"]
[Date "2009.11.20"]
[Round "9"]
[White "Stoyanov, Ivaylo"]
[Black "Arat, Ufuk Sezen"]
[Result "1/2-1/2"]
[WhiteElo "2031"]
[BlackElo "1884"]
[PlyCount "76"]
[EventDate "2009.11.12"]
[EventType "swiss"]
[EventRounds "11"]
[EventCountry "TUR"]
[SourceTitle "EXT 2010"]
[Source "ChessBase"]
[SourceDate "2010.11.25"]
[SourceVersion "1"]
[SourceVersionDate "2010.11.25"]
[SourceQuality "1"]

1. e4 c5 2. Nf3 d6 3. d4 cxd4 4. Nxd4 Nf6 5. Nc3 g6 6. g3 Bg7 7. Bg2 Nc6 8. Nxc6 bxc6 9. e5 Nd5 10. Nxd5 cxd5 11. Qxd5 Rb8 12. exd6 0-0 13. 0-0 Bb7 14. dxe7 Qxe7 15. Qd3 Bxg2 16. Kxg2 Bxb2 17. Rb1 Bxc1 18. Rfxc1 Qc5 19. c4 Rbd8 20. Qc3 Rd4 21. Rb7 h5 22. h4 a6 23. Qb3 Rd2 24. Rf1 Rd4 25. Rb6 a5 26. Rb5 Qxc4 27. Qxc4 Rxc4 28. Rxa5 Rc2 29. Ra4 Rd8 30. Kf3 Rdd2 31. Ra8+ Kg7 32. a4 Ra2 33. Ke3 Rdb2 34. a5 Rb4 35. a6 Rb6 36. a7 Rb7 37. f4 Rbxa7 38. Rxa7 Rxa7 1/2-1/2

[Event "Wch U14"]
[Site "Kemer"]
[Date "2009.11.16"]
[Round "6"]
[White "Stoyanov, Ivaylo"]
[Black "Bajarani, Ulvi"]
[Result "1/2-1/2"]
[WhiteElo "2031"]
[BlackElo "2342"]
[PlyCount "26"]
[EventDate "2009.11.12"]
[EventType "swiss"]
[EventRounds "11"]
[EventCountry "TUR"]
[SourceTitle "EXT 2010"]
[Source "ChessBase"]
[SourceDate "2010.11.25"]
[SourceVersion "1"]
[SourceVersionDate "2010.11.25"]
[SourceQuality "1"]

1. e4 e6 2. d3 d5 3. Nd2 c5 4. Ngf3 Nc6 5. g3 g6 6. Bg2 Bg7 7. 0-0 Nge7 8. Re1 0-0 9. Qe2 f6 10. h4 e5 11. exd5 Nxd5 12. Nc4 Bg4 13. c3 Re8 1/2-1/2

[Event "Wch U14"]
[Site "Kemer"]
[Date "2009.11.13"]
[Round "3"]
[White "Tejas, Ravichandran"]
[Black "Stoyanov, Ivaylo"]
[Result "1-0"]
[WhiteElo "2203"]
[BlackElo "2031"]
[PlyCount "59"]
[EventDate "2009.11.12"]
[EventType "swiss"]
[EventRounds "11"]
[EventCountry "TUR"]
[SourceTitle "EXT 2010"]
[Source "ChessBase"]
[SourceDate "2010.11.25"]
[SourceVersion "1"]
[SourceVersionDate "2010.11.25"]
[SourceQuality "1"]

1. Nf3 c5 2. c4 Nc6 3. d4 cxd4 4. Nxd4 g6 5. e4 Bg7 6. Be3 Nf6 7. Nc3 d6 8. Be2 0-0 9. 0-0 Bd7 10. Qd2 Nxd4 11. Bxd4 Bc6 12. f3 Nd7 13. Be3 a5 14. b3 Nc5 15. Rab1 Qb6 16. Nd5 Bxd5 17. Qxd5 Rfc8 18. a3 Qd8 19. Rfd1 b6 20. f4 Qc7 21. Bf3 Rab8 22. h4 a4 23. b4 Nb3 24. Be2 Qc6 25. Qd3 Qb7 26. Kf2 Rc6 27. h5 Qc8 28. hxg6 hxg6 29. Qd5 b5 30. cxb5 1-0

[Event "Sofia Ivis op"]
[Site "Sofia"]
[Date "2009.10.17"]
[Round "4"]
[White "Daskalov, Emil"]
[Black "Stoyanov, Ivaylo"]
[Result "1/2-1/2"]
[WhiteElo "1961"]
[BlackElo "2038"]
[PlyCount "48"]
[EventDate "2009.10.14"]
[EventType "swiss"]
[EventRounds "7"]
[EventCountry "BUL"]
[SourceTitle "CBM 132 Extra"]
[Source "ChessBase"]
[SourceDate "2009.11.03"]
[SourceVersion "1"]
[SourceVersionDate "2009.11.03"]
[SourceQuality "1"]

1. d4 Nf6 2. Nf3 e6 3. Bg5 c5 4. c3 d5 5. e3 b6 6. Nbd2 Be7 7. Bd3 0-0 8. 0-0 Ba6 9. Bxa6 Nxa6 10. Ne5 Nb8 11. a4 Nfd7 12. Bf4 Nxe5 13. Bxe5 Nc6 14. Nf3 Bd6 15. Bxd6 Qxd6 16. Re1 Rad8 17. Qe2 e5 18. dxe5 Nxe5 19. Nxe5 Qxe5 20. a5 d4 21. exd4 Qxe2 22. Rxe2 cxd4 23. cxd4 Rxd4 24. axb6 axb6 1/2-1/2

[Event "Sofia CSKA-Thessaloniki U14"]
[Site "Sofia"]
[Date "2009.04.23"]
[Round "5"]
[White "Stoyanov, Ivaylo"]
[Black "Tompros, Andreas Hristos"]
[Result "1/2-1/2"]
[WhiteElo "2061"]
[BlackElo "1794"]
[PlyCount "54"]
[EventDate "2009.04.21"]
[EventType "schev"]
[EventRounds "7"]
[EventCountry "BUL"]
[SourceTitle "EXT 2012"]
[Source "ChessBase"]
[SourceDate "2011.11.24"]
[SourceVersion "1"]
[SourceVersionDate "2011.11.24"]
[SourceQuality "1"]

1. e4 e6 2. d3 d5 3. Nd2 b6 4. g3 Bb7 5. Bg2 Nf6 6. Ngf3 dxe4 7. Ng5 Nbd7 8. Ngxe4 Qc8 9. 0-0 Be7 10. Qe2 0-0 11. Nc4 Nxe4 12. Bxe4 Nf6 13. Bxb7 Qxb7 14. Bd2 Rad8 15. Rae1 c5 16. Ne5 Nd7 17. Bc3 Qd5 18. Nxd7 Rxd7 19. Qe5 Qxe5 20. Bxe5 Rd5 21. Re4 Rfd8 22. Rfe1 R8d7 23. Rg4 Bf8 24. Bc3 g6 25. Rge4 Bg7 26. Bxg7 Kxg7 27. b3 b5 1/2-1/2

[Event "Sofia CSKA-Thessaloniki U14"]
[Site "Sofia"]
[Date "2009.04.22"]
[Round "2"]
[White "Koutroukis, Andreas"]
[Black "Stoyanov, Ivaylo"]
[Result "1/2-1/2"]
[WhiteElo "1853"]
[BlackElo "2061"]
[PlyCount "118"]
[EventDate "2009.04.21"]
[EventType "schev"]
[EventRounds "7"]
[EventCountry "BUL"]
[SourceTitle "EXT 2012"]
[Source "ChessBase"]
[SourceDate "2011.11.24"]
[SourceVersion "1"]
[SourceVersionDate "2011.11.24"]
[SourceQuality "1"]

1. e4 c5 2. Nf3 Nc6 3. d4 cxd4 4. Nxd4 Qb6 5. Nb3 Nf6 6. Nc3 e6 7. Qe2 Qc7 8. g4 d6 9. Be3 Be7 10. 0-0-0 a6 11. g5 Nd7 12. f4 b5 13. Qf2 Bb7 14. Bg2 0-0-0 15. h4 Na5 16. f5 Nc4 17. fxe6 fxe6 18. Bd4 b4 19. Nb1 e5 20. Ba7 Rhf8 21. Qg1 Rf4 22. N1d2 Ndb6 23. Nxc4 Nxc4 24. Bh3+ Rd7 25. Nc5 Bc6 26. Bxd7+ Bxd7 27. Nxd7 Qxd7 28. b3 Na3 29. Qb6 Qb7 30. Rde1 Nb5 31. Qxb7+ Kxb7 32. Be3 Rxe4 33. Bd2 Rg4 34. Rhf1 Kc6 35. Rf7 Bd8 36. Rxg7 Rxh4 37. Rg8 Bb6 38. Rc8+ Nc7 39. Rh8 Rh5 40. Bxb4 Rxg5 41. Rxh7 Nd5 42. Bd2 Rg2 43. c4 Nc7 44. a3 Ne6 45. Be3 Bd8 46. Ra7 Nc7 47. a4 Bg5 48. a5 Bxe3+ 49. Rxe3 Ra2 50. b4 Ra4 51. Rb3 Ra1+ 52. Kb2 Ra4 53. b5+ axb5 54. cxb5+ Nxb5 55. Ra6+ Kc5 56. Rxb5+ Kxb5 57. Rxd6 Rxa5 58. Rd5+ Kb4 59. Rxa5 Kxa5 1/2-1/2

[Event "Plovdiv Tringov Memorial"]
[Site "Plovdiv"]
[Date "2009.02.04"]
[Round "5"]
[White "Stoyanov, Ivaylo"]
[Black "Nikolaidis, Konstantinos"]
[Result "0-1"]
[WhiteElo "2047"]
[BlackElo "2264"]
[PlyCount "52"]
[EventDate "2009.02.01"]
[EventType "swiss"]
[EventRounds "9"]
[EventCountry "BUL"]
[SourceTitle "CBM 128 Extra"]
[Source "ChessBase"]
[SourceDate "2009.03.05"]
[SourceVersion "2"]
[SourceVersionDate "2009.03.25"]
[SourceQuality "1"]

1. e4 c6 2. d4 d5 3. Nd2 dxe4 4. Nxe4 Bf5 5. Ng3 Bg6 6. h4 h6 7. f4 e6 8. Nf3 Bd6 9. h5 Bh7 10. Bd3 Bxd3 11. Qxd3 Nf6 12. Bd2 Qc7 13. Ne5 c5 14. 0-0-0 cxd4 15. Qxd4 0-0 16. Ne4 Nxe4 17. Qxe4 Na6 18. Rh3 Rac8 19. Kb1 f5 20. Qa4 Nc5 21. Qb5 Ne4 22. Qb3 Bxe5 23. fxe5 Rfd8 24. Rd3 Rxd3 25. Qxd3 Nf2 26. Ba5 b6 0-1

[Event "Sofia Kirov Memorial"]
[Site "Sofia"]
[Date "2009.01.05"]
[Round "4"]
[White "Stoyanov, Ivaylo"]
[Black "Todorov, Momchil"]
[Result "0-1"]
[WhiteElo "2047"]
[BlackElo "2237"]
[PlyCount "90"]
[EventDate "2009.01.03"]
[EventType "swiss"]
[EventRounds "9"]
[EventCountry "BUL"]
[SourceTitle "EXT 2010"]
[Source "ChessBase"]
[SourceDate "2010.11.25"]
[SourceVersion "1"]
[SourceVersionDate "2010.11.25"]
[SourceQuality "1"]

1. e4 c5 2. Nf3 d6 3. d4 cxd4 4. Nxd4 Nf6 5. Nc3 a6 6. g3 e6 7. Bg2 Be7 8. 0-0 0-0 9. Be3 Nc6 10. Nxc6 bxc6 11. e5 Nd5 12. exd6 Qxd6 13. Bd2 Rb8 14. Ne4 Qc7 15. c4 Nf6 16. Bc3 Nxe4 17. Bxe4 f5 18. Bg2 Bf6 19. Qf3 c5 20. Bxf6 Rxf6 21. Qc3 Bb7 22. b3 Bxg2 23. Kxg2 f4 24. f3 Rg6 25. g4 h5 26. h3 Qe7 27. Rad1 e5 28. Rd5 Re8 29. Qd3 Rh6 30. Qe4 Qh4 31. Qe1 hxg4 32. Qxh4 gxf3+ 33. Rxf3 Rxh4 34. Rxc5 e4 35. Rf1 Re6 36. Rf5 Rg6+ 37. Kf2 Rg3 38. Ke2 Re3+ 39. Kd2 Rd3+ 40. Kc2 f3 41. Re5 Re3 42. Rf2 Rxh3 43. Kd2 Rd3+ 44. Ke1 Rh1+ 45. Rf1 Re3+ 0-1

[Event "Baharov Memorial op 16th"]
[Site "Sofia"]
[Date "2008.11.13"]
[Round "6"]
[White "Mitrev, Kiril"]
[Black "Stoyanov, Ivaylo"]
[Result "0-1"]
[WhiteElo "2103"]
[BlackElo "1991"]
[PlyCount "74"]
[EventDate "2008.11.09"]
[EventType "swiss"]
[EventRounds "7"]
[EventCountry "BUL"]
[SourceTitle "CBM 127 Extra"]
[Source "ChessBase"]
[SourceDate "2009.01.08"]
[SourceVersion "2"]
[SourceVersionDate "2009.01.28"]
[SourceQuality "1"]

1. e4 c5 2. Nc3 a6 3. g3 g6 4. Bg2 Bg7 5. d3 Nc6 6. f4 d6 7. Nf3 e6 8. 0-0 Nge7 9. Be3 Nd4 10. Nh4 0-0 11. Qd2 Rb8 12. Nd1 f5 13. c3 Ndc6 14. d4 cxd4 15. cxd4 fxe4 16. Bxe4 d5 17. Bc2 Qb6 18. Nf3 Nf5 19. Bxf5 gxf5 20. Nc3 Nd8 21. Ne5 Nf7 22. Nxf7 Rxf7 23. Rf2 Rc7 24. Na4 Qb5 25. Nc5 b6 26. Nd3 Bd7 27. a4 Qc6 28. Rc1 Qd6 29. Rxc7 Qxc7 30. Nb4 Qc4 31. Qc3 Qxc3 32. bxc3 a5 33. Na6 Ra8 34. Nc7 Rc8 35. Na6 Rxc3 36. Re2 Rxe3 37. Rxe3 Bxd4 0-1

[Event "Baharov Memorial op 16th"]
[Site "Sofia"]
[Date "2008.11.11"]
[Round "4"]
[White "Vlashki, Nino"]
[Black "Stoyanov, Ivaylo"]
[Result "1-0"]
[WhiteElo "2199"]
[BlackElo "1991"]
[PlyCount "87"]
[EventDate "2008.11.09"]
[EventType "swiss"]
[EventRounds "7"]
[EventCountry "BUL"]
[SourceTitle "CBM 127 Extra"]
[Source "ChessBase"]
[SourceDate "2009.01.08"]
[SourceVersion "2"]
[SourceVersionDate "2009.01.28"]
[SourceQuality "1"]

1. Nf3 g6 2. c4 Bg7 3. Nc3 d6 4. g3 Nc6 5. Bg2 e5 6. d3 f5 7. Nd2 Nf6 8. Nf1 0-0 9. Rb1 Be6 10. Ne3 Qd7 11. Qa4 Rf7 12. Ned5 Nd8 13. Qxd7 Rxd7 14. f4 c6 15. Nxf6+ Bxf6 16. Bd2 Nf7 17. b3 Re8 18. Rc1 d5 19. cxd5 Bxd5 20. Nxd5 cxd5 21. fxe5 Nxe5 22. Kf1 Ng4 23. Rc5 d4 24. Bf3 Ne3+ 25. Kf2 Bg5 26. h3 Ree7 27. Bb4 Kg7 28. Ra5 Rf7 29. Rxa7 f4 30. Rb1 fxg3+ 31. Kxg3 Nf5+ 32. Kh2 Bf4+ 33. Kh1 Rc7 34. a4 Nh4 35. Bd5 Rf5 36. Be4 Rf6 37. Be1 Nf5 38. Rxb7 Rxb7 39. Bxb7 Bg5 40. a5 Nd6 41. Bf3 Nb5 42. b4 Nc3 43. Ra1 Nb5 44. Bg3 1-0

[Event "Baharov Memorial op 16th"]
[Site "Sofia"]
[Date "2008.11.10"]
[Round "3"]
[White "Stoyanov, Ivaylo"]
[Black "Ivanov, Stojan Emilov"]
[Result "1/2-1/2"]
[WhiteElo "1991"]
[BlackElo "2261"]
[PlyCount "43"]
[EventDate "2008.11.09"]
[EventType "swiss"]
[EventRounds "7"]
[EventCountry "BUL"]
[SourceTitle "CBM 127 Extra"]
[Source "ChessBase"]
[SourceDate "2009.01.08"]
[SourceVersion "2"]
[SourceVersionDate "2009.01.28"]
[SourceQuality "1"]

1. e4 c5 2. Nf3 e6 3. d4 cxd4 4. Nxd4 a6 5. Bd3 Qc7 6. c4 Nc6 7. Nxc6 bxc6 8. 0-0 c5 9. f4 Bb7 10. Nc3 Ne7 11. Be3 Nc6 12. Rc1 Be7 13. Qe2 0-0 14. e5 Nd4 15. Bxd4 cxd4 16. Ne4 Rab8 17. Nf6+ gxf6 18. Bxh7+ Kg7 19. Qg4+ Kxh7 20. Qh4+ Kg7 21. Qg4+ Kh7 22. Qh5+ 1/2-1/2

[Event "EU-ch U14 18th"]
[Site "Herceg Novi"]
[Date "2008.09.16"]
[Round "2"]
[White "Stoyanov, Ivaylo"]
[Black "Fedoseev, Vladimir1111"]
[Result "0-1"]
[WhiteElo "1978"]
[BlackElo "2321"]
[PlyCount "106"]
[EventDate "2008.09.15"]
[EventType "swiss"]
[EventRounds "9"]
[EventCountry "MNE"]
[SourceTitle "CBM 126 Extra"]
[Source "ChessBase"]
[SourceDate "2008.11.05"]
[SourceVersion "1"]
[SourceVersionDate "2008.11.05"]
[SourceQuality "1"]

1. e4 c5 2. Nf3 d6 3. d4 Nf6 4. Nc3 cxd4 5. Nxd4 a6 6. g3 Bg4 7. f3 Bd7 8. Bg2 Nc6 9. Be3 Rc8 10. Nde2 Ne5 11. b3 g6 12. 0-0 Bg7 13. Nd5 Nxd5 14. exd5 0-0 15. h3 Be8 16. f4 Nd7 17. Bd4 Nf6 18. a4 Qc7 19. c4 Nd7 20. Bxg7 Kxg7 21. Nd4 Nc5 22. Qf3 Qb6 23. a5 Qd8 24. Rfe1 Bd7 25. Qe3 Re8 26. b4 Na4 27. Qb3 Qc7 28. Rec1 b5 29. cxb5 Qxc1+ 30. Rxc1 Rxc1+ 31. Kh2 Bxb5 32. Nxb5 axb5 33. Qe3 Rc4 34. Qa7 Rxb4 35. Qd7 Kf8 36. Bf1 Nc5 37. Qc6 Rb2+ 38. Kg1 Rb8 39. a6 Ra2 40. Bxb5 Nxa6 41. Bxa6 Rb1+ 42. Bf1 Raa1 43. Qc8+ Kg7 44. Qc7 Rxf1+ 45. Kg2 Rfc1 46. Qxe7 Rc2+ 47. Kf3 Ra3+ 48. Kg4 Rcc3 49. Qe1 Rxg3+ 50. Qxg3 Rxg3+ 51. Kxg3 Kf6 52. Kg4 h6 53. h4 h5+ 0-1

[Event "Teteven op 23rd"]
[Site "Teteven"]
[Date "2008.08.21"]
[Round "8"]
[White "Stoyanov, Ivaylo"]
[Black "Kirov, Dimitar"]
[Result "0-1"]
[WhiteElo "1978"]
[BlackElo "2097"]
[PlyCount "78"]
[EventDate "2008.08.16"]
[EventType "swiss"]
[EventRounds "9"]
[EventCountry "BUL"]
[SourceTitle "CBM 126 Extra"]
[Source "ChessBase"]
[SourceDate "2008.11.05"]
[SourceVersion "1"]
[SourceVersionDate "2008.11.05"]
[SourceQuality "1"]

1. e4 e5 2. Nf3 d6 3. Nc3 Nf6 4. d4 Nbd7 5. Bc4 Be7 6. 0-0 0-0 7. Re1 c6 8. a4 a5 9. h3 Qc7 10. Be3 exd4 11. Nxd4 Rd8 12. Bb3 Nc5 13. Bf4 Nxb3 14. Nxb3 Nd7 15. Qe2 Ne5 16. Nd2 Be6 17. b3 Bf6 18. Qe3 h6 19. Rad1 Rab8 20. Bh2 g5 21. f4 gxf4 22. Bxf4 Kh7 23. Bxh6 Rg8 24. Kh1 Rg6 25. Bf4 Kg7 26. Nf3 Rh8 27. Nh2 Qd7 28. Rg1 Bxh3 29. gxh3 Rxh3 30. Rxg6+ fxg6 31. Qe2 Rxc3 32. Qg2 Qe6 33. Qd2 Ng4 34. Qg2 Ne3 35. Bxe3 Rxe3 36. Ng4 Rxe4 37. Nxf6 Kxf6 38. Rxd6 Re1+ 39. Kh2 Qxd6+ 0-1

[Event "Teteven op 23rd"]
[Site "Teteven"]
[Date "2008.08.18"]
[Round "4"]
[White "Stoyanov, Ivaylo"]
[Black "Galunov, Todor"]
[Result "0-1"]
[WhiteElo "1978"]
[BlackElo "2278"]
[PlyCount "80"]
[EventDate "2008.08.16"]
[EventType "swiss"]
[EventRounds "9"]
[EventCountry "BUL"]
[SourceTitle "CBM 126 Extra"]
[Source "ChessBase"]
[SourceDate "2008.11.05"]
[SourceVersion "1"]
[SourceVersionDate "2008.11.05"]
[SourceQuality "1"]

1. e4 e6 2. d3 d5 3. Nd2 Nf6 4. Ngf3 Be7 5. g3 c5 6. Bg2 Nc6 7. 0-0 0-0 8. e5 Nd7 9. Re1 b5 10. Nf1 b4 11. h4 a5 12. Bf4 Ba6 13. N1h2 a4 14. h5 h6 15. Ng4 a3 16. b3 Rc8 17. Qd2 Re8 18. Rad1 Nd4 19. Nxd4 cxd4 20. Bxh6 gxh6 21. Nxh6+ Kg7 22. Nxf7 Kxf7 23. Qf4+ Bf6 24. exf6 Qxf6 25. Qd6 Rxc2 26. f4 Bc8 27. f5 e5 28. Qxd5+ Kg7 29. Rf1 Qg5 30. Qf3 Nf6 31. Rde1 Rxa2 32. Rc1 Qe3+ 33. Kh1 Qxf3 34. Rxf3 Nxh5 35. Rc7+ Kf6 36. Rc6+ Ke7 37. f6+ Nxf6 38. Rcxf6 Ra1+ 39. Bf1 Be6 40. Rh6 Bd5 0-1